00304nam a22001217a 4500003000400000020001800004082002100022100001500043245003700058260004400095300001500139650002800154OSt a9788170358657 a338.642bVIR/MIC aVirdi, M S aMicro enterprises in agriculture aNew DelhibDaya publishing house c2014 a244 pages; aAgro based enterprises